| 000 | 01295cam a22003491i 4500 | ||
|---|---|---|---|
| 001 | 2564443 | ||
| 003 | ARRUPE | ||
| 005 | 20160414105355.0 | ||
| 008 | 751124s1974 ruraf b 000 0 eng | ||
| 010 | _a 75329829 //r967 | ||
| 015 | _aUSSR*** | ||
| 020 | _c$3.06rub | ||
| 035 | _a(OCoLC)1200840 | ||
| 035 | _a(OCoLC)ocm01200840 | ||
| 035 | _a(NNC)2564443 | ||
| 040 |
_aDLC _cDLC _dDLC |
||
| 041 | 1 |
_aeng _hrus |
|
| 050 | 0 | 0 |
_aPG3337.O8 _bA28 1974 |
| 082 | 0 | 0 | _a891.7/2/3 |
| 090 |
_aPG3337.O8 _bA28 |
||
| 100 | 1 |
_aOstrovsky, Aleksandr Nikolaevich, _d1823-1886. _923731 |
|
| 240 | 1 | 0 |
_aWorks. _kSelections. _lEnglish. _f1974 |
| 245 | 1 | 0 |
_aPlays / _cAlexander Ostrovsky ; introd., translation, notes and bibliography by Margaret Wettlin ; engravings by Andrei Goncharov. |
| 260 |
_aMoscow : _bProgress Publishers, _c1974. |
||
| 300 |
_a484, [1] p., [1] leaf of plates : _bill. ; _c18 cm. |
||
| 500 | _aTranslated selections from Polnoe sobranie sochineniĭ. | ||
| 504 | _aBibliography: p. 483-[485]. | ||
| 505 | 0 | _aAlexander Ostorvsky [sic] and the Russian theatre before Stanislavsky.--Poverty is no crime.--The storm.--Even the wise can err.--More sinned against than sinning. | |
| 700 | 1 |
_aWettlin, Margaret, _d1907- _923732 _etr. |
|
| 942 |
_2lcc _cMONOGRAPH |
||
| 999 |
_c124590 _d124590 |
||